000 00778nam a22001817a 4500
999 _c14908
_d14908
003 OSt
082 _2631.75807 ADA/DE
088 _aP 377
100 _aADARSH S.S
_aJINCY
_93956
245 _aDevelopment and Testing of Evaluation of Evaporative Cooling Box for Naturally Ventillated Greenhouse
260 _aTavanur 2017
_bDepartment of Land & Water Resources and Conservation Engineering
300 _a98
500 _aDevelopment and Testing of Evaluation of Evaporative Cooling Box for Naturally Ventillated Greenhouse
520 _aDevelopment and Testing of Evaluation of Evaporative Cooling Box for Naturally Ventillated Greenhouse
700 _aEr. Jinu A (Guide)
_93957
856 _uhttps://drive.google.com/open?id=1ttvBPitFiB97nwOAHvr2aG_yzjSg6szi
942 _cPR